Acoustic Pharyngometry in subjects with different jaw relationship /
Saved in:
| Main Author: | |
|---|---|
| Format: | Thesis Book |
| Language: | English |
| Published: |
2008
|
| Subjects: | |
| Tags: |
Add Tag
No Tags, Be the first to tag this record!
|
| LEADER | 00857cam a2200229 a 4500 | ||
|---|---|---|---|
| 001 | u776592 | ||
| 003 | SIRSI | ||
| 005 | 200907301421 | ||
| 008 | 090730s2008 my a m 000 0 eng | ||
| 040 | |a UMG | ||
| 096 | |a WU11.1 |b UM 2008 Ng | ||
| 100 | 1 | |a Ng, Hon Wei | |
| 245 | 1 | 0 | |a Acoustic Pharyngometry in subjects with different jaw relationship / |c Ng Hon Wei |
| 260 | |c 2008 | ||
| 300 | |a viii, 85 leaves : |b col. ill. ; |c 30 cm. | ||
| 502 | |a Dissertation (M.Dent.Sc.) -- Jabatan Pembedahan Mulut & Maxilofasial, Fakulti Pergigian, Universiti Malaya, 2008. | ||
| 504 | |a Bibliography: leaves 72-85. | ||
| 650 | 1 | 2 | |a Pharyngeal Diseases |
| 710 | 2 | |a Universiti Malaya. |b Jabatan Pembedahan Mulut dan Maksilofasial. | |
| 900 | |a HA | ||
| 596 | |a 10 | ||
| 999 | |a WU11.1 UM 2008 NG. |w NLM |c 1 |i A503687854 |d 26/10/2009 |f 26/10/2009 |g 1 |l STACKS |m P10PERGIGI |r Y |s Y |t TESIS |u 21/10/2009 | ||
